Geography Quiz

Random Geography or Blitz Quiz

Secret Country Quiz Stats

 Plays Quiz Updated Jul 2, 2018

Challenge
Share
Tweet
Score 0/197 Timer 01:00
226 Plays Today
% Correct
Brazil
70.2%
United States
66.7%
Mexico
64.1%
Panama
61.8%
Colombia
60.9%
Venezuela
58.2%
Canada
53.5%
Cuba
52.1%
Peru
51.1%
Guyana
49.5%
Suriname
49%
Ecuador
47.5%
Costa Rica
46.7%
Argentina
45.6%
Honduras
45.1%
Haiti
44.8%
Russia
44.7%
Nicaragua
44.5%
Chile
44.5%
Jamaica
43.5%
Dominica
42.7%
Guatemala
42.2%
Belize
42%
Italy
42%
Bolivia
41.4%
China
41.1%
France
40.6%
Trinidad and Tobago
39.5%
United Kingdom
39.3%
El Salvador
39.3%
Spain
38%
Uruguay
37.6%
Paraguay
37.6%
Dominican Republic
37.3%
St Kitts
36.8%
Germany
36.4%
The Bahamas
35.9%
Australia
35.9%
Saint Lucia
35.7%
Grenada
35.2%
India
35.1%
Egypt
34.2%
Portugal
34.2%
St Vincent
34%
Morocco
33.9%
Japan
32.8%
Chad
32.8%
Iceland
32.8%
South Africa
32.8%
Antigua and Barbuda
32.7%
Algeria
32.7%
Niger
32.4%
Mali
32.3%
Ireland
32.2%
Ghana
31.7%
Guinea
31.7%
Greece
31.5%
Indonesia
31.4%
Senegal
31.4%
Sweden
31.3%
Norway
31.2%
Poland
31.2%
Libya
31.2%
Turkey
31%
Austria
30.9%
Togo
30.8%
% Correct
Democratic Republic of the Congo
30.7%
New Zealand
30.7%
Sudan
30.6%
Iran
30.6%
Israel
30.6%
The Gambia
30.6%
Mongolia
30.5%
Cote d'Ivoire
30.5%
Switzerland
30.5%
Denmark
30.5%
Vietnam
30.4%
Andorra
30.4%
Thailand
30.4%
Saudi Arabia
30.3%
Malaysia
30.3%
Liberia
30.3%
Finland
30.3%
Belgium
30.3%
Mauritania
30.3%
Sierra Leone
30.2%
Papua New Guinea
30.2%
Vatican City
30.2%
Nigeria
30.2%
Singapore
30.1%
Fiji
30.1%
Philippines
30.1%
Benin
30%
Monaco
30%
Ukraine
30%
Laos
30%
Cabo Verde
30%
Kenya
29.9%
Tunisia
29.9%
Netherlands
29.9%
Malta
29.9%
Central African Republic
29.9%
Croatia
29.8%
San Marino
29.8%
Iraq
29.8%
South Korea
29.8%
Timor-Leste
29.8%
Angola
29.8%
Brunei
29.7%
Hungary
29.7%
Luxembourg
29.7%
Romania
29.7%
Cambodia
29.7%
Congo
29.7%
North Korea
29.7%
Gabon
29.6%
Madagascar
29.6%
Nepal
29.6%
Serbia
29.6%
United Arab Emirates
29.5%
Myanmar
29.5%
Cameroon
29.5%
Czechia
29.5%
Oman
29.5%
Maldives
29.5%
Albania
29.5%
Somalia
29.5%
Syria
29.4%
Pakistan
29.4%
Yemen
29.4%
Burkina Faso
29.4%
Guinea-Bissau
29.4%
% Correct
Jordan
29.4%
Ethiopia
29.4%
Uganda
29.4%
Lesotho
29.4%
Slovakia
29.4%
Samoa
29.4%
Slovenia
29.3%
Taiwan
29.3%
Seychelles
29.3%
Bulgaria
29.3%
Sri Lanka
29.3%
Moldova
29.3%
Rwanda
29.3%
Cyprus
29.3%
Liechtenstein
29.3%
Palau
29.3%
Sao Tome and Principe
29.3%
Lebanon
29.3%
Kazakhstan
29.3%
Bhutan
29.3%
Micronesia
29.3%
Tonga
29.3%
Kiribati
29.2%
Belarus
29.2%
Equatorial Guinea
29.2%
Vanuatu
29.2%
Kosovo
29.2%
Tuvalu
29.2%
Djibouti
29.2%
Nauru
29.2%
Estonia
29.2%
Zimbabwe
29.2%
Bangladesh
29.2%
Qatar
29.2%
Namibia
29.2%
Macedonia
29.1%
Marshall Islands
29.1%
Palestine
29.2%
Latvia
29.1%
Solomon Islands
29.1%
eSwatini
29.1%
Botswana
29.1%
Comoros
29.1%
Afghanistan
29.1%
Zambia
29.1%
Montenegro
29.1%
Kuwait
29.1%
Malawi
29.1%
Tanzania
29.1%
Burundi
29.1%
Kyrgyzstan
29.1%
Lithuania
29%
South Sudan
29%
Mozambique
29%
Mauritius
29%
Eritrea
29%
Bahrain
29%
Bosnia and Herzegovina
29%
Georgia
29%
Armenia
28.9%
Uzbekistan
28.9%
Azerbaijan
28.9%
Turkmenistan
28.8%
Tajikistan
28.8%
Barbados
28.8%

You're not logged in!

Compare scores with friends on all Sporcle quizzes.
OR
Log In

You Might Also Like...

Show Comments

Extras

Top Quizzes Today


Score Distribution

Your Account Isn't Verified!

In order to create a playlist on Sporcle, you need to verify the email address you used during registration. Go to your Sporcle Settings to finish the process.

Report this User

Report this user for behavior that violates our Community Guidelines.

Details: